000 00660nam a2200265Ia 4500
003 OSt
005 20220912145433.0
006 a|||||r|||| 00| 0
007 ta
008 220909b |||||||| |||| 00| 0 eng d
024 _a66706
037 _cTextual
040 _aCSL
_beng
_cCSL
041 _aeng
082 _aB280G, K0;1
100 _aSteel Robert GD
245 0 _aPrinciples and procedures of statistics
260 _c1960
300 _ap.
_ccm.
650 _a Statistics
650 _aBiology
700 _a Torrie James H
942 _hB280G, K0;1
_cTEXL
_2CC
999 _c31869
_d31869